The Constitution : (Record no. 4766)

MARC details
000 -LEADER
fixed length control field 00814cam a2200253 a 4500
003 - CONTROL NUMBER IDENTIFIER
control field OSt
005 - DATE AND TIME OF LATEST TRANSACTION
control field 20171025201959.0
008 - FIXED-LENGTH DATA ELEMENTS--GENERAL INFORMATION
fixed length control field 840501s1984 nyua b 001 0 eng
010 ## - LIBRARY OF CONGRESS CONTROL NUMBER
LC control number 84042656
020 ## - INTERNATIONAL STANDARD BOOK NUMBER
International Standard Book Number 0394540743 :
Terms of availability $17.95
020 ## - INTERNATIONAL STANDARD BOOK NUMBER
International Standard Book Number 0394339436 (pbk.) :
Terms of availability $8.95
040 ## - CATALOGING SOURCE
Original cataloging agency DDC
Transcribing agency DDC
Modifying agency DDC
082 00 - DEWEY DECIMAL CLASSIFICATION NUMBER
Classification number 342.029
Edition number 19
Item number FRI
100 1# - MAIN ENTRY--PERSONAL NAME
Personal name Friendly, Fred W.
9 (RLIN) 5657
245 14 - TITLE STATEMENT
Title The Constitution :
Statement of responsibility, etc Fred W. Friendly, Martha J. H. Elliott.
Remainder of title that delicate balance /
260 ## - PUBLICATION, DISTRIBUTION, ETC. (IMPRINT)
Place of publication, distribution, etc New York :
Name of publisher, distributor, etc Random House,
Date of publication, distribution, etc c1984.
300 ## - PHYSICAL DESCRIPTION
Extent xii, 339 p. :
Other physical details ill. ;
Dimensions 24 cm.
500 ## - GENERAL NOTE
General note Includes index.
504 ## - BIBLIOGRAPHY, ETC. NOTE
Bibliography, etc Bibliography: p. [317]-327.
610 10 - SUBJECT ADDED ENTRY--CORPORATE NAME
Corporate name or jurisdiction name as entry element United States.
Subordinate unit Supreme Court.
9 (RLIN) 5658
650 #0 - SUBJECT ADDED ENTRY--TOPICAL TERM
Topical term or geographic name as entry element Constitutional law
Geographic subdivision United States.
9 (RLIN) 5659
700 1# - ADDED ENTRY--PERSONAL NAME
Personal name Elliott, Martha J. H.
9 (RLIN) 5660
942 ## - ADDED ENTRY ELEMENTS (KOHA)
Source of classification or shelving scheme Dewey Decimal Classification
Koha item type Books
Holdings
Withdrawn status Lost status Source of classification or shelving scheme Damaged status Not for loan Home library Current library Date acquired Total Checkouts Full call number Barcode Date last seen Price effective from Koha item type
    Dewey Decimal Classification     Law Development Centre Main Library Law Development Centre Main Library 01/05/2012   342.029 FRI 3248/2012 01/05/2012 01/05/2012 Books